01475nam a2200301Ia 4500001000600000003000900006008004100015040001300056040001300069041001300082100002700095100002800122245005400150245004900204250001100253260001000264260001400274260004900288300005900337500046200396650002400858650003100882942000700913957000600920999001700926999000600943952022400949E2439IT-RoPAU130308s9999 xx 000 0 und d aIT-RoPAU cIT-RoPAU aFRANCESE aTabouret-Keller Andree gCodice Aut. SPICS: 893 aSocle aechaique de la symbolique selon Freud (Le) bSymbolisme Chez Freud (Le): Nouveaux Regards a1a ed. aPARIS bAnthropos c1994 [1° Ed.:1994 - Ed.Ling.Originale:1994] a"36 p. (prefazione: no ; testo: 36 [pagine: 109-144])" aFondamento Arcaico della Simbolica di Freud. Regressione. Eredità del fondamento Arcaico. fondamento Arcaico del Simbolismo. Arcaicità del Simbolo Come legame di nodi Multipli. Annodamento tra Sogno, Cultura e Infanzia. Ripetizione della Filogenesi nell'Ontogenesi. sfondo della relazione tra Filogenesi e Ontogenesi. Filogenesi, Ontogenesi e Arcaismo. in Contrappunto Alla Connaturalità la Creatività Relativa al Linguaggio. Funzione dell'Analogia. aSAGGI DI PSICOLOGIA eCodice materia Spics: 3607 cBK 71 c96255d96255 g1 0010406E_000000000000000_243971aSPICSbSPICSd2013-03-08l0oE2439r2013-03-08 00:00:00w2013-03-08yBKzProgressivo inserimento: 9005 / Copie: 1 / data import: 1 marzo 2013 - By Epidotti, Trombetti, Vaglietti.